La ciencia de los sentidos [dvd]

Guardado en:
Formato: Libro
Publicado: Buenos Aires : Canal Encuentro, s/f.
Materias:
Etiquetas: Agregar Etiqueta
Sin Etiquetas, Sea el primero en etiquetar este registro!
LEADER 00561nam a22002175a 4500
001 CEM.cems018063
005 20130909113034.0
008 130507b######################000#0#####d
003 CEMS
082 0 4 |a DVD611.8 
245 0 0 |a La ciencia de los sentidos [dvd] 
260 |a Buenos Aires :  |b Canal Encuentro, s/f. 
300 |a 1 DVD 
500 |a Emitido por Canal Encuentro 
653 |a Sentidos 
653 |a Oído 
653 |a Tacto 
653 |a Gusto 
653 |a Olfato 
653 |a Vista 
859 |a CEMS  |b BIB. CEMS - Agricultura  |h DVD611.8  |i Ar37  |p A0052.013  |t Ej.1